Movies Quiz

Random Movies or Letter Quiz
Score 0/20 Timer 05:00
8 Plays Today
% Correct
Anthony Hopkins - Hannibal
95.4%
Audrey Hepburn - Breakfast at Tiffany's
91.3%
Tom Hanks - The Green Mile
89.3%
Salma Hayek - Frida
87.9%
Katie Holmes - Batman Begins
86.9%
Helen Hunt - As Good as It Gets
86.7%
Elizabeth Hurley - Austin Powers
86.6%
Linda Hamilton - The Terminator
86.2%
Dustin Hoffman - Kramer vs. Kramer
84%
Jonah Hill - The Wolf of Wall Street
83.4%
% Correct
Kate Hudson - Almost Famous
83.4%
Katharine Hepburn - Guess Who's Coming to Dinner
81.8%
Jennifer Love Hewitt - I Know What You Did Last Summer
76.8%
Charlton Heston - Planet of the Apes
76.6%
Ethan Hawke - Before Sunset
74.9%
Gene Hackman - The French Connection
73.7%
William Holden - The Bridge on the River Kwai
73%
Ed Harris - A Beautiful Mind
71.4%
Dennis Hopper - Speed
70.2%
John Hurt - Tinker Tailor Soldier Spy
68.9%
Remove Ads.
Support Sporcle.
Get the best of Sporcle when you Go Orange. This ad-free experience offers more features, more stats, and more fun while also helping to support Sporcle. Thank you for becoming a member.

You're not logged in!

Compare scores with friends on all Sporcle quizzes.
OR
Log In

Sporcle TV

Today on Sporcle TV


Watch our educational content, quiz creation guides, and fun videos on Sporcle TV.

Show Comments

Extras

Top Quizzes Today


Score Distribution

Paid Content

Your Account Isn't Verified!

In order to create a playlist on Sporcle, you need to verify the email address you used during registration. Go to your Sporcle Settings to finish the process.

Report this User

Report this user for behavior that violates our Community Guidelines.

Details: